Sports Quiz

Random Sports or Hockey Quiz

'R' hockey players picture game Quiz Stats

 Plays Quiz not verified by Sporcle

Challenge
Share
Tweet
Score 0/35 Timer 07:00
0 Plays Today
% Correct
Pekka Rinne
92.5%
Luc Robitaille
87.7%
Patrick Roy
87.7%
Mike Richards
86.8%
Tuukka Rask
86.8%
Mike Richter
85.8%
Brad Richards
82.1%
Maurice 'Rocket' Richard
78.3%
Henri Richard
77.4%
Mike Ribeiro
73.6%
Mark Recchi
65.1%
St├ęphane Robidas
64.2%
Mike Ricci
61.3%
Wade Redden
54.7%
Alexander Radulov
52.8%
Michal Rozsival
51.9%
Gary Roberts
50.9%
Jeremy Roenick
50%
% Correct
Dwayne Roloson
50%
Bill Ranford
47.2%
Jean Ratelle
46.2%
Rene Robert
45.3%
Steve Rucchin
45.3%
Rob Ray
44.3%
Larry Robinson
44.3%
Derek Roy
41.5%
Robyn Regehr
41.5%
Tuomo Ruutu
41.5%
Brian Rolston
39.6%
Brian Rafalski
35.8%
Mike Ramsey
33%
Michael Ryder
33%
Andrew Raycroft
31.1%
Bobby Ryan
29.2%
Glenn 'Chico' Resch
27.4%

You're not logged in!

Compare scores with friends on all Sporcle quizzes.
Join for Free
OR
Log In

You Might Also Like...

Show Comments

Extras

Top Quizzes Today


Score Distribution

Your Account Isn't Verified!

In order to create a playlist on Sporcle, you need to verify the email address you used during registration. Go to your Sporcle Settings to finish the process.

Report this User

Report this user for behavior that violates our Community Guidelines.

Details: